LDR 01065naa#a2200229#i#450# 001 EN\\bibl\120702 005 20260501084414.5 011 ## _a0235-2524 100 ## _a20260416b2026####ek#y0engy0150####ca 102 ## _aRU 200 1# _aImproving the efficiency of irrigation systems drip irrigation pipelines _eJournal article 210 1# _aMoscow _cANO Editorial Board Melioration and water management _d2026 215 ## _a4 с. 606 ## _aСельское хозяйство. 35.06.01 _2local 608 ## _aJournal article _2local 675 ## _aСпособы орошения (полив). 631.674 _aКапельное орошение. 631.674.6 _z 686 ## _aЕстественнонаучные и технические основы сельского хозяйства. 40 _2bbk 686 ## _aСельскохозяйственная мелиорация. 5607 _2tbk 686 ## _aСельскохозяйственная мелиорация. 68.31 _2grnti 700 #1 _aGrushin _gAlexey Vladimirovich 700 #1 _aKolomeets _gAnastasia Valeryevna 856 4# _amivh.editorum.ru _u